000 00189 a2200097 4500
020 _a9780345464019
041 _aeng
100 _aTan, Amy
245 _aSaving fish from drowning
942 _cBK
999 _c9133
_d9133